| 000 | 00609nam a22001937a 4500 | ||
|---|---|---|---|
| 005 | 20151023102434.0 | ||
| 010 | _aENG-114043 | ||
| 020 |
_c450.00 _a9788120351103 |
||
| 035 | _aEN-97575 | ||
| 037 | _bDBAD/PUB | ||
| 082 | _a658.5 | ||
| 100 | _aRavi, V. | ||
| 245 |
_aIndustrial engineering and management / _cby V. Ravi |
||
| 260 |
_aNew Delhi _bPHI Learning _c2015 |
||
| 270 |
_aRimjhim House,111, Patparganj Industrial Estate _bNew Delhi _e 110092 |
||
| 300 |
_axxi,430p.: _c25cm(pbk) _bill. |
||
| 500 | _aIncludes bibliographical references and index | ||
| 942 |
_2ddc _cEN _mRAV _h658.5 |
||
| 999 |
_c96880 _d96880 |
||